[Event "Oberliga Nord O 1718"]
[Site "Germany"]
[Date "2017.11.12"]
[Round "3.8"]
[White "Gross, Thorsten"]
[Black "Thormann, Wolfgang"]
[Result "1-0"]
[WhiteElo "2153"]
[BlackElo "2179"]
[PlyCount "63"]
[EventDate "2017.10.08"]
[EventType "team-tourn"]
[EventRounds "9"]
[EventCountry "GER"]
[SourceTitle "EXT 2019"]
[Source "ChessBase"]
[SourceDate "2018.10.10"]
[SourceVersion "1"]
[SourceVersionDate "2018.10.10"]
[SourceQuality "1"]
[WhiteTeam "Berlin Weisse Dame"]
[BlackTeam "Berlin Oberschoeneweide"]
[WhiteTeamCountry "GER"]
[BlackTeamCountry "GER"]

1. c4 e6 2. Nc3 b6 3. d4 f5 4. Nf3 Bb7 5. Bg5 Be7 6. Bxe7 Qxe7 7. e3 Nf6 8. Bd3 0-0 9. Qc2 a5 10. 0-0-0 d5 11. cxd5 Bxd5 12. Nxd5 Nxd5 13. Qa4 Na6 14. Kb1 c5 15. Rc1 Ndc7 16. Ne5 Rfd8 17. Rhd1 Rd6 18. Bxa6 Nxa6 19. Nc4 Rdd8 20. Nxb6 Ra7 21. dxc5 Rxd1 22. Qxd1 Rc7 23. Qd6 Kf7 24. Nc4 Nxc5 25. Ne5+ Ke8 26. Qb6 Qd8 27. Qb5+ Kf8 28. Qxa5 Kg8 29. a3 h6 30. Rxc5 Qd1+ 31. Ka2 Rb7 32. Qa8+ 1-0

[Event "Oberliga Nord O 1617"]
[Site "Germany"]
[Date "2017.02.05"]
[Round "5.4"]
[White "Thormann, Wolfgang"]
[Black "Hansch, Stephan"]
[Result "1/2-1/2"]
[WhiteElo "2202"]
[BlackElo "2132"]
[PlyCount "75"]
[EventDate "2016.10.16"]
[EventType "team-tourn"]
[EventRounds "9"]
[EventCountry "GER"]
[SourceTitle "EXT 2018"]
[Source "ChessBase"]
[SourceDate "2017.10.13"]
[SourceVersion "1"]
[SourceVersionDate "2017.10.13"]
[SourceQuality "1"]
[WhiteTeam "Oberschoeneweide"]
[BlackTeam "Potsdam Empor"]
[WhiteTeamCountry "GER"]
[BlackTeamCountry "GER"]

1. e4 c5 2. Nf3 d6 3. Bb5+ Bd7 4. Bxd7+ Nxd7 5. 0-0 Ngf6 6. Re1 Rc8 7. d3 e6 8. h3 Be7 9. c4 0-0 10. Nc3 a6 11. Bg5 Ne8 12. Bxe7 Qxe7 13. b3 Nc7 14. d4 b5 15. dxc5 Nxc5 16. b4 Nd7 17. cxb5 Nxb5 18. Nxb5 axb5 19. Nd4 Rc4 20. a3 Rb8 21. Rc1 Ne5 22. Qd2 Qa7 23. Nc2 Qb6 24. Rcd1 Ra8 25. Kh1 Rc6 26. Ra1 Nc4 27. Qe2 Rc7 28. Red1 Nb2 29. Rd2 Rc3 30. Ne3 Nc4 31. Nxc4 Rxc4 32. Qd1 Ra6 33. f3 h6 34. Rd3 Qc6 35. Kh2 Kf8 36. Qb3 Kg8 37. Rad1 Qc7 38. Kh1 1/2-1/2

[Event "Oberliga Nord O 1617"]
[Site "Germany"]
[Date "2016.11.20"]
[Round "2.5"]
[White "Thormann, Wolfgang"]
[Black "Dettmann, Holger"]
[Result "1/2-1/2"]
[WhiteElo "2202"]
[BlackElo "2028"]
[PlyCount "44"]
[EventDate "2016.10.16"]
[EventType "team-tourn"]
[EventRounds "9"]
[EventCountry "GER"]
[SourceTitle "EXT 2018"]
[Source "ChessBase"]
[SourceDate "2017.10.13"]
[SourceVersion "1"]
[SourceVersionDate "2017.10.13"]
[SourceQuality "1"]
[WhiteTeam "Oberschoeneweide"]
[BlackTeam "Guestrow/Teterow"]
[WhiteTeamCountry "GER"]
[BlackTeamCountry "GER"]

1. d4 g6 2. Nf3 Bg7 3. c3 Nf6 4. Bg5 d6 5. Nbd2 0-0 6. e3 Nbd7 7. Bc4 c5 8. 0-0 a6 9. a4 b6 10. e4 h6 11. Bh4 cxd4 12. Nxd4 Bb7 13. Re1 Qc7 14. Ba2 e5 15. Nc2 d5 16. exd5 Nxd5 17. Ne4 N7f6 18. Bxf6 Nxf6 19. Qd6 Qd8 20. Nxf6+ Qxf6 21. Qxf6 Bxf6 22. Rad1 Rad8 1/2-1/2

[Event "GER-chT Seniors 24th"]
[Site "Berlin"]
[Date "2015.09.12"]
[Round "7.3"]
[White "Thormann, Wolfgang"]
[Black "Daeubler, Heinrich"]
[Result "1/2-1/2"]
[WhiteElo "2224"]
[BlackElo "2165"]
[PlyCount "24"]
[EventDate "2015.09.06"]
[EventType "team-swiss"]
[EventRounds "7"]
[EventCountry "GER"]
[SourceTitle "EXT 2018"]
[Source "ChessBase"]
[SourceDate "2017.10.13"]
[SourceVersion "1"]
[SourceVersionDate "2017.10.13"]
[SourceQuality "1"]

1. c4 c6 2. e4 d5 3. exd5 cxd5 4. cxd5 Nf6 5. Qa4+ Nbd7 6. Nc3 g6 7. Bc4 Bg7 8. d3 0-0 9. Nf3 a6 10. Qa3 Nb6 11. 0-0 Nbxd5 12. Nxd5 Nxd5 1/2-1/2

[Event "Oberliga Nord O 1415"]
[Site "Germany"]
[Date "2015.02.01"]
[Round "6.6"]
[White "Thormann, Wolfgang"]
[Black "Dimitrijeski, Boris"]
[Result "0-1"]
[WhiteElo "2258"]
[BlackElo "2251"]
[PlyCount "96"]
[EventDate "2014.09.21"]
[EventType "team-tourn"]
[EventRounds "9"]
[EventCountry "GER"]
[SourceTitle "EXT 2016"]
[Source "ChessBase"]
[SourceDate "2015.10.08"]
[SourceVersion "1"]
[SourceVersionDate "2015.10.08"]
[SourceQuality "1"]
[WhiteTeam "Berlin Oberschoeneweide"]
[BlackTeam "Berlin Tegel II"]
[WhiteTeamCountry "GER"]
[BlackTeamCountry "GER"]

1. d4 d5 2. Nf3 Nf6 3. Bg5 Ne4 4. Bh4 c5 5. c3 cxd4 6. Nxd4 Qb6 7. Qb3 Qh6 8. Bg3 Qc1+ 9. Qd1 Qxb2 10. Qc2 Qxc2 11. Nxc2 Nxg3 12. hxg3 Nc6 13. Nd2 g6 14. Nd4 e5 15. Nxc6 bxc6 16. e4 Rb8 17. Bd3 Bd6 18. Ke2 Bg4+ 19. f3 Be6 20. Rab1 Ke7 21. Nb3 h5 22. Na5 Kd7 23. Bc2 Bc7 24. Nb3 Bb6 25. Rhd1 Kc7 26. a4 a5 27. Nd2 h4 28. gxh4 Rxh4 29. Rh1 Rbh8 30. Rxh4 Rxh4 31. Nf1 dxe4 32. Bxe4 Bc4+ 33. Kd2 Rh1 34. Bd3 Bd5 35. Re1 Rg1 36. g3 Rg2+ 37. Kc1 Bxf3 38. Rxe5 Kd6 39. Re8 Bd5 40. Rb8 Bc5 41. Ra8 Ba3+ 42. Kb1 Ba2+ 43. Ka1 Bb3 44. Ra6 Bb2+ 45. Kb1 Bxc3 46. Rxc6+ Kxc6 47. Be4+ Bd5 48. Bxg2 Bxg2 0-1

[Event "Oberliga Nord O 1415"]
[Site "Germany"]
[Date "2014.11.09"]
[Round "3.6"]
[White "Piersig, Hans Juergen"]
[Black "Thormann, Wolfgang"]
[Result "1/2-1/2"]
[WhiteElo "2144"]
[BlackElo "2258"]
[PlyCount "34"]
[EventDate "2014.09.21"]
[EventType "team-tourn"]
[EventRounds "9"]
[EventCountry "GER"]
[SourceTitle "EXT 2016"]
[Source "ChessBase"]
[SourceDate "2015.10.08"]
[SourceVersion "1"]
[SourceVersionDate "2015.10.08"]
[SourceQuality "1"]
[WhiteTeam "Potsdam Empor"]
[BlackTeam "Berlin Oberschoeneweide"]
[WhiteTeamCountry "GER"]
[BlackTeamCountry "GER"]

1. e4 Nc6 2. Nf3 d6 3. d4 Nf6 4. Nc3 Bg4 5. Be2 e6 6. Be3 Be7 7. 0-0 0-0 8. Qd2 d5 9. exd5 exd5 10. Rfe1 Bb4 11. Bg5 Bxc3 12. bxc3 Qd6 13. Bxf6 Qxf6 14. Rab1 Rab8 15. Ne5 Be6 16. Nxc6 bxc6 17. Rb3 Rb6 1/2-1/2

[Event "Wch Seniors 23rd"]
[Site "Opatija"]
[Date "2013.11.14"]
[Round "3"]
[White "Jackson, Oliver A"]
[Black "Thormann, Wolfgang"]
[Result "0-1"]
[WhiteElo "2154"]
[BlackElo "2271"]
[PlyCount "108"]
[EventDate "2013.11.12"]
[EventType "swiss"]
[EventRounds "11"]
[EventCountry "CRO"]
[SourceTitle "CBM 157 Extra"]
[Source "ChessBase"]
[SourceDate "2013.12.19"]
[SourceVersion "1"]
[SourceVersionDate "2013.12.19"]
[SourceQuality "1"]

1. e4 e5 2. f4 exf4 3. Nf3 Ne7 4. d4 d5 5. Nc3 dxe4 6. Nxe4 Nd5 7. Bd3 Bg4 8. 0-0 Be7 9. c3 c6 10. Qb3 Qb6 11. Ne5 Qxb3 12. axb3 Be6 13. c4 Nb4 14. Bxf4 f6 15. Be2 fxe5 16. Bxe5 Rg8 17. Rad1 N8a6 18. d5 cxd5 19. cxd5 Bxd5 20. Rxd5 Nxd5 21. Bb5+ Kd8 22. Rd1 Nab4 23. Nc3 Bc5+ 24. Kh1 Ke7 25. Nxd5+ Nxd5 26. Rxd5 Rgd8 27. Bc4 b5 28. h3 Rxd5 29. Bxd5 Rd8 30. Bc6 Rd1+ 31. Kh2 Bd6 32. Bxd6+ Kxd6 33. Bxb5 Kc5 34. Bc4 Rd2 35. Bg8 h6 36. Kg3 Rxb2 37. h4 Kb4 38. h5 a5 39. Bd5 Rxb3+ 40. Bxb3 Kxb3 41. Kf4 a4 42. Kf5 a3 43. Kg6 a2 44. Kxg7 a1Q+ 45. Kxh6 Qh8+ 46. Kg6 Qg8+ 47. Kf6 Qh7 48. g4 Qh6+ 49. Kf5 Kc4 50. g5 Qxh5 51. Kf6 Qh8+ 52. Kf7 Qh7+ 53. Kf6 Qg8 54. g6 Qf8+ 0-1

[Event "Wch Seniors 23rd"]
[Site "Opatija"]
[Date "2013.11.12"]
[Round "1"]
[White "McKerracher, Douglas"]
[Black "Thormann, Wolfgang"]
[Result "0-1"]
[WhiteElo "2006"]
[BlackElo "2271"]
[PlyCount "68"]
[EventDate "2013.11.12"]
[EventType "swiss"]
[EventRounds "11"]
[EventCountry "CRO"]
[SourceTitle "CBM 157 Extra"]
[Source "ChessBase"]
[SourceDate "2013.12.19"]
[SourceVersion "1"]
[SourceVersionDate "2013.12.19"]
[SourceQuality "1"]

1. e4 e6 2. d3 d5 3. Nd2 c5 4. Ngf3 Nc6 5. g3 Nge7 6. Bg2 g6 7. 0-0 Bg7 8. Re1 b6 9. a3 a5 10. Rb1 Ra7 11. Nf1 h6 12. Bd2 Bb7 13. h4 b5 14. N1h2 c4 15. exd5 exd5 16. dxc4 bxc4 17. c3 Bc8 18. Be3 Rb7 19. Nd4 Ne5 20. Bf1 0-0 21. f4 N5c6 22. Qd2 Nxd4 23. Bxd4 Bxd4+ 24. Qxd4 Nf5 25. Qf2 Be6 26. Re2 Qb6 27. Kg2 Nd6 28. Qxb6 Rxb6 29. Nf3 Bf5 30. Rd1 Bd3 31. Re5 Rxb2+ 32. Kh3 Ne4 33. Rc1 Nf2+ 34. Kh2 Ng4+ 0-1

[Event "MVP-ch Seniors op 12th"]
[Site "Binz"]
[Date "2012.11.29"]
[Round "2"]
[White "Just, Joachim"]
[Black "Thormann, Wolfgang"]
[Result "1/2-1/2"]
[WhiteElo "1902"]
[BlackElo "2190"]
[PlyCount "33"]
[EventDate "2012.11.28"]
[EventType "swiss"]
[EventRounds "9"]
[EventCountry "GER"]
[SourceTitle "EXT 2014"]
[Source "ChessBase"]
[SourceDate "2013.11.20"]
[SourceVersion "1"]
[SourceVersionDate "2013.11.20"]
[SourceQuality "1"]

1. f4 c5 2. b3 Nf6 3. Nf3 g6 4. Bb2 Bg7 5. e3 0-0 6. Be2 Nc6 7. 0-0 b6 8. Ne5 Bb7 9. Bf3 Qc8 10. Nxc6 Bxc6 11. Bxc6 Qxc6 12. Qf3 Qxf3 13. Rxf3 Rfc8 14. d3 b5 15. Nd2 Nd5 16. Bxg7 Kxg7 17. e4 1/2-1/2

[Event "BL2-Nord 1112"]
[Site "Germany"]
[Date "2011.12.11"]
[Round "4.5"]
[White "Thormann, Wolfgang"]
[Black "Krause, Ullrich"]
[Result "0-1"]
[WhiteElo "2272"]
[BlackElo "2311"]
[PlyCount "96"]
[EventDate "2011.10.02"]
[EventType "team-tourn"]
[EventRounds "9"]
[EventCountry "GER"]
[SourceTitle "EXT 2015"]
[Source "ChessBase"]
[SourceDate "2014.11.20"]
[SourceVersion "1"]
[SourceVersionDate "2014.11.20"]
[SourceQuality "1"]
[WhiteTeam "Oberschoeneweide"]
[BlackTeam "Luebeck"]
[WhiteTeamCountry "GER"]
[BlackTeamCountry "GER"]

1. e4 e6 2. d4 d5 3. Nd2 Nf6 4. e5 Nfd7 5. c3 c5 6. f4 cxd4 7. cxd4 Nc6 8. Ndf3 f5 9. a3 a5 10. Bd3 Nb6 11. Ne2 Bd7 12. Nc3 Be7 13. 0-0 0-0 14. Kh1 Be8 15. Be3 Bh5 16. Rc1 Kh8 17. Na4 Nxa4 18. Qxa4 Qb6 19. Bb5 Be8 20. Rc3 Na7 21. Bxe8 Rfxe8 22. Qb3 Qxb3 23. Rxb3 b5 24. Rc3 Rec8 25. Rfc1 Rxc3 26. Rxc3 Rc8 27. Rxc8+ Nxc8 28. Bd2 a4 29. Ba5 Kg8 30. Kg1 Kf7 31. Kf2 h6 32. Ng1 Ke8 33. Ne2 Kd7 34. Nc1 Na7 35. Nd3 Nc6 36. Bc3 Kc7 37. Ke3 g5 38. g3 g4 39. Bb4 Kd7 40. Bc3 h5 41. Bb4 Bxb4 42. axb4 Ke7 43. Nf2 Nxb4 44. h3 Nc6 45. h4 b4 46. Nd1 a3 47. bxa3 bxa3 48. Nc3 Nb4 0-1